| 000 | 00556nam a2200193Ia 4500 | ||
|---|---|---|---|
| 008 | 140321s9999 xx 000 0 und d | ||
| 020 | _a9781285056401 | ||
| 050 |
_aQA 303.1 _b.W184 2014 |
||
| 100 | _aWarner, Stefan | ||
| 245 |
_aApplied calculus / _cStefan Warner & Steven R. Costenoble. |
||
| 250 | _a6th ed. | ||
| 260 |
_aMassachusetts : _bBrooks/Cole Cengage Learning, _cc2014. |
||
| 300 |
_a512 p. : _bcol. ill. ; _c26 cm. |
||
| 500 | _aIncludes index. | ||
| 521 | _aGE | ||
| 650 |
_aCaculus _xTextbooks. |
||
| 942 |
_kFOR _cBK |
||
| 999 |
_c48567 _d48567 |
||